| 000 | 00590cab a2200217 4500 | ||
|---|---|---|---|
| 001 | X1283 | ||
| 008 | 090401t1994 xxu||||| |||| 00| 0 eng d | ||
| 035 | _a(Sirsi) u15989 | ||
| 041 | _aeng | ||
| 100 | _aBlackhall, J.C. | ||
| 245 | _aSimplified planning zones (SPZs) or Simply Political Zeal | ||
| 260 | _c1994 | ||
| 350 | _a0 | ||
| 490 |
_aJournal of Planning and Environment Law _v(1994) JPEL 117-123(7) |
||
| 520 | _aCriticism of SPZs. | ||
| 650 | _aHISTORY | ||
| 650 | _aSIMPLIFIED PLANNING ZONES | ||
| 690 | _aPLANNING LAW AND PRACTICE | ||
| 942 | _n0 | ||
| 948 | _c04/03/1997 | ||
| 999 |
_c10519 _d10519 |
||